Más regalos para los inversionistas

Uloženo v:
Podrobná bibliografie
Médium: Text
Témata:
Tagy: Přidat tag
Žádné tagy, Buďte první, kdo vytvoří štítek k tomuto záznamu!

MARC

LEADER 00000 a a2200000 04500
001 6867
003
040
245 |a Más regalos para los inversionistas  
650 |a INVERSIONES EXTRANJERAS  
650 |a POLITICA FISCAL  
650 |a ECONOMIA  
650 |a EL SALVADOR  
773 |g volumen 28, número 1258; páginas 6-7  
999 |c 30221  |d 30221